VIII. mezinárodní vědecká konference doktorandů a mladých vědeckých pracovníků sborník příspěvků : Karviná 5. listopadu 2015

Salvato in:
Dettagli Bibliografici
Ente Autore: Mezinárodní vědecká konference doktorandů a mladých vědeckých pracovníků
Altri autori: Skokan, Karel, Pellešová, Pavlína, Šeligová, Markéta, Adámek, Pavel, Blechová, Beáta
Natura: Libro
Lingua:ceco
inglese
Pubblicazione: Karviná Obchodně podnikatelská fakulta v Karviné SU v Opavě 2015
Soggetti:
Tags: Aggiungi Tag
Nessun Tag, puoi essere il primo ad aggiungerne!!

MARC

LEADER 00000nlm$a2200000$$$4500
001 0211011
005 20240104131056.6
020 |a 978-80-7510-177-8 
041 0 |a cze 
041 0 |a eng 
044 |a CZ 
245 1 0 |a VIII. mezinárodní vědecká konference doktorandů a mladých vědeckých pracovníků  |b sborník příspěvků : Karviná 5. listopadu 2015  |c editoři/editors: Karel Skokan ... [et al.] ; recenzenti/reviewers: Pavel Adámek ... [et al.] 
264 1 |a Karviná  |b Obchodně podnikatelská fakulta v Karviné SU v Opavě  |c 2015 
300 |a CD-ROM [470 s.] 
610 2 0 |a bankovníctvo 
610 2 0 |a financie 
610 2 0 |a účtovníctvo 
610 2 0 |a integrácia ekonomická medzinárodná 
610 2 0 |a správa verejná 
610 2 0 |a marketing 
610 2 0 |a podnikanie 
700 1 |a Skokan, Karel 
700 1 |a Pellešová, Pavlína 
700 1 |a Šeligová, Markéta 
700 1 |a Adámek, Pavel 
700 1 |a Blechová, Beáta 
110 2 |a Mezinárodní vědecká konference doktorandů a mladých vědeckých pracovníků